| 000 | 00399nam a2200169Ia 4500 | ||
|---|---|---|---|
| 005 | 20251020182532.0 | ||
| 008 | 200515s9999 xx 000 0 und d | ||
| 082 | _a711:301.17/M26 | ||
| 100 | _aJOUVENEL, Bertrand de GOODMAN, Paul | ||
| 245 | 0 | _aEl entorno del hombre | |
| 260 | _aBuenos Aires | ||
| 260 | _c1971 | ||
| 500 | _a1 ejemplar | ||
| 650 | _aLIB | ||
| 650 | _aURBANISMO | ||
| 942 | _cLIB | ||
| 999 |
_c2123 _d2123 |
||